000 00537nam a2200181 i 4500
001 49696
003 ES-MaACL
005 20230906162039.0
007 t|
008 030722s1966 sp ||||1| spa d
100 1 _aCouffignal, Louis.
_941226
245 1 0 _aMáquinas de pensar /
_cLouis Couffignal ; [traducción de Jorge Argente].
250 _a[1ª ed.].
260 _aBarcelona :
_bSeix Barral,
_c[1966]
300 _a158 p., 5 lám. :
_bil. ;
_c20 cm.
700 1 _aArgente, Jorge.
_922693
852 _aES-MaACL
_jC-31896
_bR.62380
999 _c49696
_d49696